Name The Cast of Baddies West - Statistics

General Stats
  • This quiz has been taken 100 times
  • The average score is 10 of 11
Answer Stats
Hint Answer % Correct
CEO Natalie Nunn
100%
With the body Scotty
99%
Alfredo sauce Rollie
96%
Big Dominican Biggie
95%
Blueface Chrisean Rock
94%
Rapper Stunna Girl
91%
Grandma Tommie Lee
89%
Classy Lo London
82%
Can't handle liquor Razor
79%
Babysitter DJ Sky High
77%
Unproblematic Cat
74%
No matching quizzes found
Score Distribution
Percent of People with Each Score
Percentile by Number Answered
Your Score History
You have not taken this quiz